Pokémon - La capacité Double Pied - Statistiques

Statistiques générales
  • Ce quiz a été pris 38 fois
    35 depuis la dernière actualisation
  • Le résultat moyen est 13 sur 43
Statistiques - réponses
Niveaux Pokémon % Correct
Niveau 10 Kicklee
93%
Départ Évolution Galifeu
67%
Niveau 9 Nidoran ♀
67%
Niveau 9 Nidoran ♂
67%
Niveau 9 Nidorina
67%
Niveau 9 Nidorino
67%
Départ Braségali
63%
Départ Nidoking
63%
Départ Nidoqueen
60%
Niveau 5 Karaclée
40%
Niveau 15 Galopa
37%
Niveau 15 Ponyta
37%
Niveau 10 Voltali
33%
Niveau 10 Aquali
30%
Niveau 10 Evoli
30%
Niveau 20 Laporeille
30%
Niveau 20 Lockpin
30%
Niveau 10 Pyroli
30%
Niveau 9 Pikachu
27%
Départ Cancrelove
23%
Départ Cobaltium
23%
Niveau 12 Flambino
23%
Départ Niveau 7 Keldeo
23%
Niveau 12 Lapyro
23%
Niveau 12 Pyrobut
23%
Départ Terrakium
23%
Départ Viridium
23%
Niveau 15 Bourrinos
20%
Niveau 15 Tiboudet
20%
Niveau 10 Haydaim
17%
Niveau 10 Vivaldaim
17%
Niveau 21 Excavarenne
13%
Niveau 16 Félinferno
13%
Niveau 16 Flamiaou
13%
Niveau 16 Matoufeu
13%
Niveau 20 Sapereau
13%
Niveau 6 Blizzeval
10%
Niveau 16 Moumouflon
10%
Niveau 16 Moumouton
10%
Niveau 6 Spectreval
10%
Départ Sylveroy
10%
Niveau 24 M. Glaquette
3%
Niveau 24 M.Mime de Galar
3%
Aucun quiz correspondant
Distribution des résultats
% des personnes avec chaque résultat
Percentile par nombre de réponses
Votre historique - résultats
Vous n’avez pas pris ce quiz depuis la dernière actualisation